Etude phytoécologique des savanes soudano-saheliennes et caractéristiques dendrométrieques de Afzelia Afrcana Smith Ex Pers.,Daniella Oliveri (Rolfe) Hutch.&Dalz. et Anogeissus Leiocarpa (DC)Guill.& Perr. : cas de la RBT-W (Bénin),Commune de Karimama (Record no. 46593)

MARC details
000 -LEADER
fixed length control field 00683nam a22001817a 4500
003 - CONTROL NUMBER IDENTIFIER
control field 0
005 - DATE AND TIME OF LATEST TRANSACTION
control field 20160609165230.0
008 - FIXED-LENGTH DATA ELEMENTS--GENERAL INFORMATION
fixed length control field 091125t xxu||||| |||| 00| 0 eng d
037 ## - SOURCE OF ACQUISITION
Source of stock number/acquisition Don
040 ## - SOURCE DU CATALOGAGE
Original cataloging agency Biblio-EPAC
Language of cataloging F
Transcribing agency UAC
082 ## - DEWEY DECIMAL CLASSIFICATION NUMBER
Classification number 27.APE/ADJ
100 ## - VEDETTE PRINCIPALE - NOM DE PERSONNE
Personal name Sessi Gilles Christian
9 (RLIN) 2384
245 ## - TITLE STATEMENT
Title Etude phytoécologique des savanes soudano-saheliennes et caractéristiques dendrométrieques de Afzelia Afrcana Smith Ex Pers.,Daniella Oliveri (Rolfe) Hutch.&Dalz. et Anogeissus Leiocarpa (DC)Guill.& Perr. : cas de la RBT-W (Bénin),Commune de Karimama
260 ## - PUBLICATION, DISTRIBUTION, ETC. (IMPRINT)
Place of publication, distribution, etc Biblio -EPAC
Name of publisher, distributor, etc UAC
Date of publication, distribution, etc 2007-2008
300 ## - PHYSICAL DESCRIPTION
Extent I-52p
650 ## - SUBJECT ADDED ENTRY--TOPICAL TERM
Topical term following geographic name as entry element GENIE ENVIRONNEMENT
9 (RLIN) 2385
942 ## - ADDED ENTRY ELEMENTS (KOHA)
Koha item type Livre
Holdings
Withdrawn status Lost status Damaged status Not for loan Location (home branch) Sublocation or collection (holding branch) Date acquired Source of acquisition Koha issues (times borrowed) Koha full call number Piece designation (barcode) Koha date last seen Copy number Price effective from Koha item type Public note
        Bibliothèque Ecole Polytechnique d'Abomey-Calavi Bibliothèque Ecole Polytechnique d'Abomey-Calavi 25/11/2009 Don   27.APE/ADJ M15323 25/11/2009 3 25/11/2009 Thèse et Memoire 3 Exemplaires dont un exclu du prêt


© 2008, Bibliothèques de l'Université d'Abomey-Calavi

04 BP 789 Cotonou, Tél. : +229 21 36 01 01, Fax : +229 21 35 06 32

Courriel : bu@bu.uac.bj